000 00600nam a2200205Ii 4500
003 JO-AjNU
008 230606s9999||||xx |||||||||||||| ||und||
020 _a978-1-119-55759-3
040 _aJO-AjNU
_beng
_erda
_cJO-AjNU
041 _aeng
050 1 4 _aQA76.73.2019
100 3 _a shovic, John, Alan simpson,
_eauthor
_96348
245 0 0 _aPython ALL - IN - ONE
264 3 1 _aCanada: john wiley and sons, 2020
300 _a683p
336 _atext
_btxt
_2rdacontent
337 _aunmediated
_bn
_2rdamedia
338 _avolume
_bnc
_2rdacarrier
650 4 _aPython-comuter program language
_96349
999 _aE3292
_c3288
_d3288